goosebumps - Travis Scott feat. Kendrick Lamar (Full lyrics) - Statistics

General Stats
  • This quiz has been taken 49 times
  • The average score is 328 of 532
Answer Stats
Lyrics % Correct
get
100%
go,
100%
goosebumps
100%
I
100%
Oh
100%
Oh,
100%
oh,
100%
every
95%
time,
95%
time
95%
a
93%
those
90%
ya
90%
you
90%
You
90%
the
88%
The
88%
yeah,
88%
yeah
88%
Yeah,
88%
to
85%
my
83%
my—
83%
My
83%
around,
80%
around
80%
When
80%
when
80%
make
78%
come
75%
everything
75%
feel
73%
fine
73%
mind,
73%
way
65%
'bout
63%
ease
63%
I'm
63%
need
63%
side,
63%
that
63%
That
63%
me?
60%
me
60%
on
60%
too
60%
Uh,
58%
numb,
55%
it's
53%
no,
53%
no
53%
So
53%
be
50%
can
50%
do
50%
fuck
50%
We
50%
we
50%
Worried
50%
comments
48%
dumb,
48%
in
48%
Throw
48%
throw
48%
your
48%
and
45%
And
45%
Heimlich
45%
pussy
45%
She
45%
wanna
45%
7-1-3
43%
don't
43%
like,
43%
like
43%
pull
43%
some
43%
for
40%
just
40%
not
40%
press
40%
they
40%
can't
38%
die
38%
high
38%
up
38%
with
38%
buildin',
35%
buildin'
35%
'cause
35%
gon'
35%
Mama
35%
more
35%
Pop
35%
Put
35%
put
35%
sippin'
35%
you're
35%
back
33%
burn
33%
key
33%
low-
33%
relate
33%
star,
33%
take
33%
Take
33%
why
33%
Why
33%
at
30%
city,
30%
know
30%
line,
30%
line
30%
love
30%
Mariah
30%
pepper
30%
pick
30%
ridin',
30%
squad,
30%
things,
30%
things
30%
y'all
30%
bitch,
28%
buy
28%
cannot
28%
horse
28%
misinformed
28%
pedestal
28%
Peter
28%
residual
28%
ride,
28%
top
28%
want
28%
beside
25%
brain
25%
could
25%
from
25%
green
25%
heart
25%
light,
25%
Never
25%
picked
25%
Piper
25%
place,
25%
place
25%
saucin'
25%
sky
25%
Snapchat
25%
stay
25%
Through
25%
through
25%
all
23%
gonna
23%
her
23%
justify
23%
lil'
23%
or
23%
rebuild
23%
right
23%
stop
23%
together
23%
took
23%
touch
23%
wrong
23%
feelings
20%
forever
20%
God
20%
molly
20%
off
20%
Onyx,
20%
plenty,
20%
pullin'
20%
shoot
20%
spare
20%
text
20%
2-8-1,
18%
best
18%
Bible
18%
debating
18%
flyin',
18%
rider,
18%
rider
18%
stack
18%
there
18%
war
18%
depart
15%
floor,
15%
ginnies,
15%
hard
15%
moments,
15%
shady
15%
dearest,
13%
fall
13%
game,
13%
might
13%
parts
13%
party
13%
shot
13%
cute
10%
diamonds
10%
Doheny,
10%
wildness
10%
yours,
10%
coupe
8%
relivin'
8%
peelin'
5%
No matching quizzes found
Score Distribution
Percent of People with Each Score
Percentile by Number Answered
Your Score History
You have not taken this quiz